Southville International School and Colleges
Your cart is empty.
  • Cart
  • Lists
    Public lists Eva Luna New books Lux_list list_1
    Your lists Log in to create your own lists
  • Log in to your account
  • Your cookies
  • Search history
Southville International School and Colleges
  • Advanced search
  • Recent comments
  • Most popular
  • Libraries

Log in to your account

Log in with GOOGLE


If you do not have an external account, but do have a local account, you can still log in:

  1. Home
  2. MARC view: Psion /
Normal view MARC view ISBD view

Psion / (Record no. 11487)

[ view plain ]
MARC details
000 -LEADER
fixed length control field 00896pam a2200277 a 4500
001 - CONTROL NUMBER
control field 4225591
003 - CONTROL NUMBER IDENTIFIER
control field OSt
005 - DATE AND TIME OF LATEST TRANSACTION
control field 20140310182256.0
008 - FIXED-LENGTH DATA ELEMENTS--GENERAL INFORMATION
fixed length control field 820224s1982 nyu j 000 1 eng
010 ## - LIBRARY OF CONGRESS CONTROL NUMBER
LC control number 82070323
020 ## - INTERNATIONAL STANDARD BOOK NUMBER
International Standard Book Number 0446603546
040 ## - CATALOGING SOURCE
Original cataloging agency DLC
Transcribing agency DLC
Modifying agency DLC
042 ## - AUTHENTICATION CODE
Authentication code lcac
050 00 - LIBRARY OF CONGRESS CALL NUMBER
Classification number PZ 7.V7457
Item number .V784 1996
082 ## - DEWEY DECIMAL CLASSIFICATION NUMBER
Classification number FIC
Item number V75p 1996
100 1# - MAIN ENTRY--PERSONAL NAME
Personal name Vinge, Joan D.
9 (RLIN) 20383
245 10 - TITLE STATEMENT
Title Psion /
Statement of responsibility, etc Joan D. Vinge.
260 ## - PUBLICATION, DISTRIBUTION, ETC. (IMPRINT)
Place of publication, distribution, etc New York, N.Y. :
Name of publisher, distributor, etc Delacorte Press,
Date of publication, distribution, etc c1982.
300 ## - PHYSICAL DESCRIPTION
Extent 346 p. ;
Dimensions 22 cm.
520 ## - SUMMARY, ETC.
Summary, etc A sixteen-year-old delinquent who has spent his life lying and stealing becomes involved in a research project which unleashes his extraordinary telepathic powers.
650 #1 - SUBJECT ADDED ENTRY--TOPICAL TERM
Topical term or geographic name as entry element Science fiction.
650 #1 - SUBJECT ADDED ENTRY--TOPICAL TERM
Topical term or geographic name as entry element Extrasensory perception
General subdivision Fiction.
9 (RLIN) 20384
906 ## - LOCAL DATA ELEMENT F, LDF (RLIN)
a 7
b cbc
c orignew
d 1
e opcn
f 19
g y-gencatlg
942 ## - ADDED ENTRY ELEMENTS (KOHA)
Source of classification or shelving scheme Library of Congress Classification
Koha item type
Holdings
Withdrawn status Lost status Source of classification or shelving scheme Damaged status Home library Current library Shelving location Date acquired Total Checkouts Full call number Barcode Date last seen Copy number Price effective from Koha item type
    Library of Congress Classification   Luxembourg Library Luxembourg Library Fiction Section 09/17/2013   PZ 7.V7457 .V784 1996 2453 08/06/2015 1 09/17/2013 Books

Psion /

APA

Vinge J. D., . (1982). Psion. New York, N.Y: Delacorte Press.

Chicago

Vinge Joan D, . 1982. Psion. New York, N.Y: Delacorte Press.

Harvard

Vinge J. D., . (1982). Psion. New York, N.Y: Delacorte Press.

MLA

Vinge Joan D, . Psion. New York, N.Y: Delacorte Press. 1982.

  • Place hold
  • Print
  • Cite
  • Add to your cart (remove)
  • Save record
    BIBTEX Dublin Core MARCXML MARC (non-Unicode/MARC-8) MARC (Unicode/UTF-8) MARC (Unicode/UTF-8, Standard) MODS (XML) RIS
  • More searches
    Search for this title in:
    Other Libraries (WorldCat) Other Databases (Google Scholar) Online Stores (Bookfinder.com) Open Library (openlibrary.org)

Exporting to Dublin Core...

SOUTHVILLE LIBRARY

Southville International School and Colleges Library

1281 Tropical Ave. Cor. Luxembourg St., BF Homes International, Las Pinas City

Tel. No. 8256374 / 252358 Loc. 117/146

Powered by Koha